Palindromes - Statistics

General Stats
  • This quiz has been taken 1,402 times
  • The average score is 14 of 20
Answer Stats
Hint Answer % Correct
Female Parent mom
96%
Male parent dad
95%
Centre of a storm eye
92%
Personal canoe kayak
92%
Polite term of address for a woman madam
92%
More crimson redder
81%
Single-person performances solos
80%
Informal word for father or grandfather pop
75%
Measures radio wave echo times to determine an object's location radar
75%
Genders sexes
74%
Mario Andretti's vehicle racecar
72%
Even level
68%
Of cities / type of car civic
66%
Blow a horn toot
60%
Child's word for grandmother nan
55%
Type of real estate document deed
52%
Epic narratives sagas
36%
A foolish person / Bosom boob
35%
Made a god of deified
30%
Decorate the walls again repaper
24%
No matching quizzes found
Score Distribution
Percent of People with Each Score
Percentile by Number Answered
Your Score History
You have not taken this quiz